| 000 | 00470nam a2200169Ia 4500 | ||
|---|---|---|---|
| 999 |
_c28216 _d28216 |
||
| 003 | OSt | ||
| 005 | 20201204104516.0 | ||
| 008 | 190216s9999||||xx |||||||||||||| ||und|| | ||
| 040 | _coclc | ||
| 082 |
_a894.8123 _bMAT/S |
||
| 100 |
_aMattom, Joseph _97192 |
||
| 245 | 0 |
_aSwantham / _cJoseph Mattom |
|
| 260 |
_bPoorna Publications, _c1984. _aKozhikode: |
||
| 300 | _a266p | ||
| 650 | _aNovel | ||
| 942 |
_cBK _2ddc _h894.8123 _iMAT/S _k894.8123 _mMAT/S |
||